000 00574nam a2200181 a 4500
005 20260322212012.0
008 data
020 _a9780785168300
099 _aBENDIB
100 1 _aBendis, Brian Michael
245 1 0 _aGuardians of the galaxy all-new X-Men.
_bThe trial of Jean Grey /
_cBrian Michael Bendis, Sara Pichelli & Stuart Immonen.
260 _aNew York, NY :
_bMarvel Worldwide, Inc.,
_c2014.
300 _a1 volume (unpaged) : chiefly color illustrations ;
_b26 cm.
650 0 _aScience fiction
700 1 _aPichelli, Sara
700 1 _aImmonen, Stuart
001 data
999 _c246
_d246